| 000 | 01146cam a2200337 i 4500 | ||
|---|---|---|---|
| 001 | .b2947470x | ||
| 003 | YEEZEN | ||
| 005 | 20250617151907.0 | ||
| 008 | 250217s2024 ch a e 000 0dchi d | ||
| 020 |
_a9786264170789 _q(平裝) : _c新臺幣420元 |
||
| 040 |
_aTCPL _bchi _cTCPL _dTCPL _dTWFJU _eccr |
||
| 041 | 1 |
_achi _heng |
|
| 042 | _anbic | ||
| 090 | _a415.9341 | ||
| 100 | 1 |
_a裘哈爾 _c(Jauhar, Sandeep, 1968-) |
|
| 240 | 1 | 0 |
_aMy father's brain. _l中文 |
| 245 | 1 | 0 |
_a父親的腦 : _b阿茲海默症陰影下的生活 / _c桑狄普.裘哈爾(Sandeep Jauhar)著 ; 涂瑋瑛譯 |
| 246 | 3 | _a阿茲海默症陰影下的生活 | |
| 250 | _a第一版 | ||
| 260 |
_a臺北市 : _b遠見天下文化, _c2024.12 |
||
| 300 |
_a303面 : _b圖 ; _c21公分 |
||
| 490 | 1 |
_a健康生活 = _aGood Health ; _v213. |
|
| 500 | _a譯自: My father's brain : life in the shadow of Alzheimer's. | ||
| 600 | 1 | 7 |
_a裘哈爾 _c(Jauhar, Prem P.) _2lcstt. |
| 650 | 7 |
_a阿茲海默氏症 _2lcstt. |
|
| 650 | 7 |
_a通俗作品 _2lcstt. |
|
| 700 | 1 |
_aJauhar, Sandeep, _d1968- |
|
| 700 | 1 | _a涂, 瑋瑛 | |
| 830 | 0 |
_a健康生活 ; _v213. |
|
| 942 |
_2ccl _cBOOK |
||
| 999 |
_c7639 _d7639 |
||